Australian cities multiple choice: Geraldton - Statistics

General Stats
  • This quiz has been taken 15 times
  • The average score is 7 of 15
Answer Stats
Question Answer % Correct
The distance between Perth and Geraldton via the Brand Highway is: 418.6 km (260.1 miles)
83%
What is the Houtman Abrolhos? A coral reef
67%
Who built the Old Gaol? Convicts
67%
Geraldton is in what region of Western Australia Mid West
67%
What colour is Hutt Lagoon? Pink
67%
The Museum of Geraldton has a particular strength in... Shipwrecks
67%
The Dome of Souls (pictured) is made of 645 stainless steel seagulls, representing what? The crew of HMAS Sydney who died in a naval battle during WWII
67%
Which is not a suburb of Geraldton? Coconut Grove
50%
What is at the local CSIRO facility? A radio-astronomy observatory
33%
The first steel tower constructed in mainland Australia, the Point Moore Lighthouse, was prefabricated where? Birmingham, UK
33%
Who was Gerald? Charles Fitzgerald, 4th Governor of Western Australia
33%
What is the main export that departs from the Port of Geraldton? Iron ore
33%
What is the peculiar natural feature that can be seen from the Brand Highway near Greenough? The leaning trees of Greenough
17%
What are Midalias, Backers and Glennies? Beaches
0%
What was discovered in the Murchison River in 1848? Lead
0%
No matching quizzes found
Score Distribution
Percent of People with Each Score
Percentile by Number Answered
Your Score History
You have not taken this quiz